Weltgeschichte (fortgeschritten) - Statistiken

Allgemein
  • Dieses Quiz wurde 58 mal gespielt
    39 seit der letzten Aktualisierung
  • Das Durchschnittsergebnis liegt bei 5 aus 20
Antwortstatistiken
Frage Antwort % Korrekt
Jahr der Kubakrise zwischen der USA und der UdSSR 1962
77%
Anzahl der Teilungen Polen-Litauens 3
77%
Französischer General, welcher 1796/97 Norditalien einnahm Napoleon
65%
Zweiter Papstsitz während des Abendländischen Schismas Avignon
35%
99 Tage Kaiser Friedrich III.
35%
Land, welches 1979 seine Staatsform änderte Iran
35%
Größte Panzerschlacht der Geschichte Kursk
35%
Zar (Tsar), der von Katherina der Großen, seiner Ehefrau, ermordet wurde Peter III.
27%
Deutscher Generalfeldmarschall, welcher am 2.2.1943 in Stalingrad kapitulierte Friedrich Paulus
23%
Titel von Oliver Cromwell Lordprotektor
23%
Jahr der zweiten Osmanischen Belagerung von Wien 1683
19%
Dynastie zur Blütezeit von China Tang
19%
Ägypten 1250-1798 Mameluken
15%
Byzantinischer General, welcher große Teile Italiens zurückeroberte Belisarius
12%
Schlacht bei …, wo Peter der Große die Schweden besiegte Poltawa
12%
Fähigster General unter Genghis Khan Subutai
12%
Hauptstadt des Osmanischen Reichs vor Konstantinopel Edirne
8%
Chef der Obersten Heeresleitung 1914 Helmuth von Moltke
8%
Reich, welches die Kreuzfahrer bei Hattin 1187 besiegte Ayyubiden
4%
Vertrag, der 1890 von Kaiser Wilhelm II. nicht verlängert wurde Rücksicherungsvertrag
4%
Keine übereinstimmenden Quizze gefunden
Verteilung der Resultate
Anzahl Personen mit jedem Resultat
Perzentil nach korrekt beantworteten Fragen
Ihre Resultats-Entwicklung
Sie haben dieses Quiz seit der letzten Aktualisierung nicht gespielt